000 01212nam a2200241 a 4500
001 000048523
003 DO-SdBNP
005 20221115143345.0
007 ta
008 190327s2017 dr ad 000 m spa d
020 _a9789945891775
040 _aDO-SdBNP
_bspa
_cBNPHU
082 4 _bR426i
_222
110 2 _aRepública Dominicana.
_bMinisterio de Educación Superior, Ciencia y Tecnología MESCyT.
_975314
245 1 0 _aInforme general sobre estadísticas de educación superior 2015 y resumen histórico 2005-2015 /
_cpresentación Alejandrina Germán Mejía ; diagramación Rosa María López A.
260 _aSanto Domingo :
_bMESCyT,
_c2017.
300 _axv, 262 p. :
_bil, gráf., tablas ;
_c27 cm.
505 0 _aAgradecimientos --
_tTabla de contenido --
_tPresentación --
_tResumen ejecutivo --
_tResumen histórico de las estadísticas de educación superior dominicana 2005-2015 --
_tEstadísticas de educación superior dominicana --
_tResumen histórico de las estadísticas de educación superior dominicana 2005-2015 --.
590 _aInventariado, 2019/LP
700 1 _aGermán Mejía, Alejandrina,
_eprest.
_936556
700 1 _aLópez A., Rosa María,
_ediagramadora
_975948
942 _2ddc
_cLBS1
999 _c48011
_d48011